Statistics for Founder to Company Match

Click here to take the quiz!

General Stats

  • This quiz has been taken 19 times
  • The average score is 8 of 15

Answer Stats

Founder/sCompany% Correct
Jeff BezosAmazon
100%
Steve Jobs, Steve Wozniak, and Ronald WayneApple
100%
Mark ZuckerbergFacebook
100%
Larry Page and Sergey BrinGoogle
100%
Bill Gates and Paul AllenMicrosoft
93%
Evan Spiegel, Bobby Murphy and Reggie BrownSnapchat
67%
Kevin Systrom and Mike KriegerInstagram
53%
Jerry Yang and David FiloYahoo!
53%
Jimmy Wales and Larry SangerWikipedia
47%
Max Levchin, Peter Thiel, Luke Nosek, and Ken HoweryPayPal
33%
Reid Hoffman, Allen Blue, Konstantin Guericke, Eric Ly, and Jean-Luc VaillantLinkedin
27%
Ben Silbermann, Paul Sciarra, and Evan SharpPinterest
13%
Sean Rad, Jonathan Badeen, Justin Mateen, Joe Munoz, Dinesh Moorjani, and Whitney WolfeTinder
13%
Drew HoustonDropbox
7%
Matt Mullenweg and Mike LittleWordPress
0%

Score Distribution

Percentile by Number Answered

Percent of People with Each Score

Your Score History

You have not taken this quiz